Adiciones a la historia del ingenioso hidalgo Don Quijote de la Mancha, continuación de la vida de Sancho Panza / (Record no. 20715)

MARC details
000 -LEADER
campo de control de longitud fija 01150nam a2200229 i 4500
001 - NÚMERO DE CONTROL
campo de control 20715
003 - IDENTIFICADOR DE NÚMERO DE CONTROL
campo de control ES-MaACL
005 - FECHA Y HORA DE LA ÚLTIMA TRANSACCIÓN
campo de control 20230906152341.0
007 - CAMPO FIJO DE DESCRIPCIÓN FÍSICA--INFORMACIÓN GENERAL
campo de control de longitud fija t|
008 - DATOS DE LONGITUD FIJA--INFORMACIÓN GENERAL
campo de control de longitud fija 021118s1845 sp ||||1| spa d
080 ## - NÚMERO DE LA CLASIFICACIÓN DECIMAL UNIVERSAL
Número de la Clasificación Decimal Universal 821.134.2-31"17"
100 1# - ENTRADA PRINCIPAL--NOMBRE DE PERSONA
Nombre de persona Delgado, Jacinto María.
9 (RLIN) 158736
245 10 - MENCIÓN DEL TÍTULO
Título Adiciones a la historia del ingenioso hidalgo Don Quijote de la Mancha, continuación de la vida de Sancho Panza /
Mención de responsabilidad, etc. [Jacinto María Delgado].
246 3# - FORMA VARIANTE DEL TITULO
Título propio/Titulo breve Memorias del esclarecido Cide-Hamete Benengeli, recogidas por Melique Zulema
260 ## - PUBLICACIÓN, DISTRIBUCIÓN, ETC.
Lugar de publicación, distribución, etc. Madrid :
Nombre del editor, distribuidor, etc. Estab. Tip. de D. F. de P. Mellado, Editor,
Fecha de publicación, distribución, etc. 1845.
300 ## - DESCRIPCIÓN FÍSICA
Extensión 216 p. :
Otras características físicas il. ;
Dimensiones 17 cm.
505 8# - NOTA DE CONTENIDO CON FORMATO
Nota de contenido con formato Contiene: Memorias del esclarecido Cide-Hamete Benengeli, recogidas por Melique Zulema, autor igualmente verdadero que arábigo (p. [205]-214)
530 ## - NOTA DISPONIBLE DE FORMULARIO FÍSICO ADICIONAL
Nota de formato físico adicional disponible Disponible en formato digital.
593 ## -
-- Nombre del autor tomado de: Adiciones a la historia del ingenioso hidalgo Don Quixote de la Mancha. Madrid : Blas Román, 1786.
852 ## - LOCALIZACIÓN
Ubicación ES-MaACL
Número de control de estantería D-340
856 4# - LOCALIZACIÓN Y ACCESO ELECTRÓNICOS
Identificador Uniforme de Recursos <a href="https://bibliotecadigital.jcyl.es/es/consulta/registro.do?id=7357">https://bibliotecadigital.jcyl.es/es/consulta/registro.do?id=7357</a>
Nota pública Biblioteca Digital de Castilla y León
Holdings
Estatus retirado Estado de pérdida Estado de daño No para préstamo Colección Biblioteca de origen Biblioteca actual Ubicación en estantería Fecha de adquisición Fuente de adquisición Total de préstamos Signatura topográfica completa Código de barras Visto por última vez Precio de reemplazo Tipo de ítem Koha
        Colección digital Biblioteca del Ateneo de Madrid Biblioteca del Ateneo de Madrid Sala Valle Inclán 17/01/2008     D-340 901021269 23/02/2023 23/02/2023 Libro impreso antiguo